| 000 | 00401pam a2200157 a 4500 | ||
|---|---|---|---|
| 020 |
_a9781437709117 _c |
||
| 041 | _h | ||
| 082 |
_a617.3 _bBYR / CUA |
||
| 100 | _aBYRD J.W.,GUANCHE C.S. | ||
| 245 |
_aAANA ADVANCED ARTHROSCOPY THE HIP + CD & ONLINE _hTextual Documents |
||
| 250 | _a1ED. | ||
| 260 |
_bSAUNDERS _c2010 |
||
| 300 |
_a169: _bXI; _cHB+ _eCD & ONLINE. |
||
| 930 | _a5154 | ||
| 999 |
_c799681 _d799681 |
||
| 650 | _aORTHO | ||